000 00858nam a22002057a 4500
003 0
005 20250214112420.0
008 250214b xxu||||| |||| 00| 0 eng d
050 _aBF 723.B5
_b.J38 2024
100 _aJavier, Darlene Keight S.
245 _aSupport system and self-entitlement of last-born college students coming from high-earning income families.
_cDarlene Keight S. Javier
260 _aLas Pinas City
_bSouthville International School and Colleges
_c2024
300 _ax, 326 pages;
_c28cm.
500 _aBachelor of Science in Psychology.
504 _aIncludes bibliographical references and appendices.
650 _aBirth order—Psychological effects -- Last-born children.
650 _aSelf-entitlement—Socioeconomic status, Influence.
650 _aParental support—College students' development.
942 _2lcc
_cTH
999 _c367221
_d367221